Guess the Turkish Food and Drinks - Statistics

General Stats
  • This quiz has been taken 78 times
  • The average score is 5 of 8
Answer Stats
Picture Answer % Correct
Baklava
99%
Simit
82%
Turkish Tea
82%
Turkish Coffee
76%
Ayran
69%
Poğaça
42%
Kebab
35%
Köfte
21%
No matching quizzes found
Score Distribution
Percent of People with Each Score
Percentile by Number Answered
Your Score History
You have not taken this quiz